NBA 100 Highest PPG 2021/22 - Statistics

General Stats
  • This quiz has been taken 38 times
  • The average score is 64 of 100
Answer Stats
PPG Answer % Correct
#14: 25.5 | #92: 15.0 Curry
100%
#1: 30.6 Embiid
100%
#4: 29.9 Durant
97%
#2: 30.3 James
97%
#11: 26.9 Tatum
97%
#5: 28.4 Doncic
94%
#12: 26.8 Booker
91%
#20: 23.6 Brown
91%
#61: 17.3 Green
91%
#27: 22.0 Harden
91%
#10: 27.1 Jokic
91%
#13: 25.9 Mitchell
91%
#33: 20.4 Thompson
91%
#48: 18.5 Westbrook
91%
#18: 24.3 George
88%
#39: 20.1 Middleton
88%
#37: 20.1 Ball
85%
#22: 23.2 Davis
85%
#17: 24.4 Lavine
85%
#97: 14.7 Paul
85%
#6: 28.4 Young
85%
#82: 15.6 Gobert
82%
#19: 24.0 Lillard
82%
#15: 24.6 Towns
82%
#3: 29.9 Antetokounmpo
79%
#21: 23.2 Beal
79%
#7: 27.9 DeRozan
79%
#23: 23.2 Fox
79%
#8: 27.4 Irving
79%
#31: 21.1 Murray
79%
#29: 21.4 Butler
76%
#16: 24.5 Gilgeous-Alexander
76%
#51: 18.3 Holiday
76%
#24: 22.8 Siakam
76%
#44: 19.1 Adebayo
73%
#30: 21.3 Edwards
73%
#28: 21.7 Garland
73%
#9: 27.4 Morant
73%
#46: 18.9 Sabonis
73%
#63: 17.2 Wiggins
73%
#83: 15.6 Porter
70%
#35: 20.2 Porzingis
70%
#34: 20.3 Vanvleet
70%
#65: 17.2 Ayton
67%
#36: 20.2 Bridges
67%
#25: 22.7 Ingram
67%
#68: 17.0 Johnson
67%
#47: 18.5 Poole
67%
#38: 20.1 Randle
67%
#85: 15.3 Haliburton
64%
#57: 17.6 Vucevic
64%
#59: 17.4 Cunningham
61%
#62: 17.2 Harris
61%
#32: 20.7 Herro
61%
#81: 15.6 Hield
61%
#26: 22.1 McCollum
61%
#76: 16.1 Allen
58%
#72: 16.3 Anthony
58%
#70: 16.8 | #73: 16.3 Jackson
58%
#41: 19.3 Rozier
58%
#53: 18.1 Russell
58%
#71: 16.4 | #86: 15.3 Barnes
55%
#75: 16.2 Collins
55%
#91: 15.0 Gordon
55%
#42: 19.2 Grant
55%
#58: 17.5 Maxey
55%
#40: 20.0 Barrett
52%
#54: 18.1 | #88: 15.1 Bogdanovic
52%
#67: 17.1 Kuzma
52%
#93: 15.0 Mobley
48%
#43: 19.1 Brogdon
45%
#74: 16.3 Brunson
45%
#80: 15.9 Hayward
45%
#89: 15.0 Nurkic
45%
#56: 17.8 Valanciunas
45%
#55: 17.9 Wood
45%
#52: 18.2 Bane
42%
#90: 15.0 Carter
42%
#79: 16.0 Sexton
42%
#60: 17.3 Simons
42%
#100: 14.2 Hardaway
39%
#45: 19.0 Powell
39%
#66: 17.1 Anunoby
36%
#77: 16.1 Bey
36%
#49: 18.4 Brooks
36%
#87: 15.2 Wagner
36%
#78: 16.0 Clarkson
33%
#64: 17.2 Dort
30%
#50: 18.3 Trent
30%
#95: 14.9 Hart
27%
#69: 17.0 LeVert
27%
#84: 15.4 Morris
27%
#99: 14.6 Portis
27%
#96: 14.8 Markkanen
24%
#98: 14.7 Barton
21%
#94: 15.0 Oubre
9%
No matching quizzes found
Score Distribution
Percent of People with Each Score
Percentile by Number Answered
Your Score History
You have not taken this quiz